| 000 | 00553nam a2200193Ia 4500 | ||
|---|---|---|---|
| 003 | GCL | ||
| 008 | 140319s9999 xx 000 0 ara d | ||
| 040 |
_aGCL / _cGCL |
||
| 082 | 0 | 4 |
_a214.296 _bا ب |
| 100 | 1 | _aمحمد سيد طنطاوى | |
| 245 | 1 | 0 |
_aبنو اسرائيل فى القران والسنة / _cمحمد سيد طنطاوى |
| 300 | _a700 ص | ||
| 490 | _a | ||
| 650 | 0 | 4 | _aالاسلام واليهودية |
| 650 | 0 | 4 | _aاليهود |
| 650 | 0 | 4 | _aبنو اسرائيل |
| 650 | 0 | 4 | _aالقران - تاريخ |
| 942 |
_2ddc _cBK |
||
| 999 |
_c39182 _d39182 |
||